000 00651nam a2200241Ia 4500
003 OSt
005 20221005052056.0
006 a|||||r|||| 00| 0
007 ta
008 221004b |||||||| |||| 00| 0 eng d
024 _a21144
037 _cTextual
040 _aCRL
_cCRL
_beng
041 _2eng
_aeng
082 _a2m3,M77,2, J1
100 _aSewell P H
_9596527
245 0 _aFive years' work in librarianship 1951-1955 P H Sewell
260 _aLondon
_bChaucer House UK
_c1958
300 _a418
_ccm.
650 _aLIBRARY SCIENCE
942 _h2m3,M77,2, J1
_cTEXL
_2cc
999 _c959746
_d959746